000 01110nam a2200289 i 4500
001 bg
245 0 0 _aBudowa geologiczna Polski.
_nT.1,
_pStratygrafia.
_nCz.3a,
_pKenozoik, paleogen, neogen /
_cPaństwowy Instytut Geologiczny ; aut. Janusz Badura [et al.] ; red. nauk. Tadeusz Marek Peryt, Marcin Piwocki.
260 _aWarszawa :
_bPIG :
_bMinisterstwo Środowiska,
_c2004.
300 _a368 s., [5] k. tabl. złoż. :
_bmapy, rys., wykr. ;
_c25 cm.
504 _aBibliogr. przy rozdz.- Indeksy.
650 9 _aGeologia historyczna
_zPolska
650 9 _aKenozoik
_zPolska
650 9 _aPaleogen
_zPolska
650 9 _aNeogen
_zPolska
700 1 _aBADURA, Janusz
700 1 _aPERYT, Tadeusz Marek.
_eRed.
700 1 _aPIWOCKI, Marcin.
_eRed.
710 0 _aPaństwowy Instytut Geologiczny
020 _a8373727361
040 _cBPK
041 0 _apl
080 _a551.7(438)
920 _a83-7372-736-1
942 _cKS
008 s pl f |000 0 pol
999 _c46307
_d46307
856 _uhttp://koha.tu.koszalin.pl/cgi-bin/koha/opac-detail.pl?biblionumber=46307
_yKatalog online BPK